Southville International School and Colleges
Your cart is empty.
  • Cart
  • Lists
    Public lists Eva Luna New books Lux_list list_1
    Your lists Log in to create your own lists
  • Log in to your account
  • Your cookies
  • Search history
Southville International School and Colleges
  • Advanced search
  • Recent comments
  • Most popular
  • Libraries

Log in to your account

Log in with GOOGLE


If you do not have an external account, but do have a local account, you can still log in:

  1. Home
  2. MARC view: The new successful large account management. /
Normal view MARC view ISBD view

The new successful large account management. / (Record no. 23552)

[ view plain ]
MARC details
000 -LEADER
fixed length control field 00639nam a2200229 a 4500
005 - DATE AND TIME OF LATEST TRANSACTION
control field 20140310183454.0
008 - FIXED-LENGTH DATA ELEMENTS--GENERAL INFORMATION
fixed length control field 090806s19uu xx 00 eng d
050 ## - LIBRARY OF CONGRESS CALL NUMBER
Classification number HF 5438.8.K48
Item number .M56 2006
100 ## - MAIN ENTRY--PERSONAL NAME
Personal name Miller, Robert B.
245 ## - TITLE STATEMENT
Title The new successful large account management. /
250 ## - EDITION STATEMENT
Edition statement 3rd ed.
260 ## - PUBLICATION, DISTRIBUTION, ETC. (IMPRINT)
Place of publication, distribution, etc London :
Name of publisher, distributor, etc Kogan Page,
Date of publication, distribution, etc 2006.
300 ## - PHYSICAL DESCRIPTION
Extent 213 p. :
Other physical details ill. ;
Dimensions 24 cm.
521 ## - TARGET AUDIENCE NOTE
Target audience note
650 ## - SUBJECT ADDED ENTRY--TOPICAL TERM
Topical term or geographic name as entry element Selling
General subdivision Key accounts.
650 ## - SUBJECT ADDED ENTRY--TOPICAL TERM
Topical term or geographic name as entry element Market segmentation.
650 ## - SUBJECT ADDED ENTRY--TOPICAL TERM
Topical term or geographic name as entry element Marketing
General subdivision Key accounts.
700 ## - ADDED ENTRY--PERSONAL NAME
Personal name Heiman, Stephen E.
700 ## - ADDED ENTRY--PERSONAL NAME
Personal name Tuleja, Tad
942 ## - ADDED ENTRY ELEMENTS (KOHA)
Koha item type Books
Source of classification or shelving scheme Library of Congress Classification
Call number prefix Foreign
Holdings
Withdrawn status Lost status Source of classification or shelving scheme Damaged status Home library Current library Shelving location Date acquired Source of acquisition Total Checkouts Full call number Barcode Date last seen Copy number Price effective from Koha item type
    Library of Congress Classification   College Library College Library General Circulation Section 01/21/2014 Donation   HF 5438.8.K48 .M56 2006 C10499 05/15/2018 1 01/21/2014 Books

The new successful large account management. /

APA

Miller R. B., Heiman S. E. & Tuleja T. (2006). The new successful large account management. London: Kogan Page.

Chicago

Miller Robert B, Heiman Stephen E and Tuleja Tad. 2006. The new successful large account management. London: Kogan Page.

Harvard

Miller R. B., Heiman S. E. and Tuleja T. (2006). The new successful large account management. London: Kogan Page.

MLA

Miller Robert B, Heiman Stephen E and Tuleja Tad. The new successful large account management. London: Kogan Page. 2006.

  • Place hold
  • Print
  • Cite
  • Add to your cart (remove)
  • Save record
    BIBTEX Dublin Core MARCXML MARC (non-Unicode/MARC-8) MARC (Unicode/UTF-8) MARC (Unicode/UTF-8, Standard) MODS (XML) RIS
  • More searches
    Search for this title in:
    Other Libraries (WorldCat) Other Databases (Google Scholar) Online Stores (Bookfinder.com) Open Library (openlibrary.org)

Exporting to Dublin Core...

SOUTHVILLE LIBRARY

Southville International School and Colleges Library

1281 Tropical Ave. Cor. Luxembourg St., BF Homes International, Las Pinas City

Tel. No. 8256374 / 252358 Loc. 117/146

Powered by Koha